Statistics for Guess the Taylor Swift song no hints #53

Click here to take the quiz!

General Stats

  • This quiz has been taken 39 times
  • The average score is 265 of 338

Answer Stats

Answer% Correct
I
100%
The
100%
the
100%
You
100%
you?
100%
you
100%
a
97%
I'm
97%
me
97%
your
97%
You're
97%
you're
97%
all
94%
And
94%
and
94%
(If
94%
if
94%
In
94%
in
94%
it
94%
"It
94%
Love
94%
love
94%
to
94%
be
91%
for
91%
my
91%
of
91%
on
91%
(Do
88%
"Do
88%
is
88%
as
85%
at
85%
But
85%
It's
85%
that
85%
They
85%
they
85%
this
85%
What
85%
know
82%
not
82%
then
82%
was
82%
said
79%
time
79%
up)
79%
up
79%
(Up)
79%
us
79%
us)
79%
We'll
79%
well
79%
with
79%
I'll
76%
need
76%
there
76%
going
74%
gonna
74%
him
74%
slut
74%
slut)
74%
(Slut)
74%
call
71%
down
71%
drunk
71%
(Drunk)
71%
Got
71%
head)
71%
head
71%
he's
71%
looking
71%
(Looking
71%
might
71%
never
71%
think
71%
world
71%
you'll
71%
boys
68%
dressed
68%
gentlemen
68%
lovesick
68%
love-struck
68%
over
68%
(Over
68%
right
68%
saying
68%
went
68%
wrong
68%
bed
65%
bed)
65%
once
65%
once)
65%
place
65%
straight
65%
(Straight
65%
Everyone
62%
Flamingo
62%
pink
62%
pulling
62%
wants
62%
won't
62%
(Worth
62%
worth
62%
being
59%
break
59%
forget
59%
knows
59%
pay
59%
price
59%
taking
59%
Aquamarine
56%
art
56%
crime
56%
pool
56%
swimming
56%
young
56%
clothes
53%
face"
53%
guess
53%
light
53%
mistake
53%
pretty
53%
tangerine
53%
anyway)
50%
anyway"
50%
asleep
50%
awake
50%
big
50%
Boulevard
50%
cement
50%
clink
50%
Clink
50%
Half
50%
luxury
50%
moonlit
50%
neon
50%
nobody
50%
smoke
50%
wet
50%
Handprints
47%
sticks
47%
waiting
47%
blow
44%
froze
44%
Lovelorn
44%
mid-air
44%
stones
44%
Sunrise
44%
thorns
44%
throw
44%
code
41%
rose
41%
Send
41%
Adorned
38%
chances
35%

Score Distribution

Percentile by Number Answered

Percent of People with Each Score

Your Score History

You have not taken this quiz